Crome yellow (Record no. 29362)

MARC details
000 -LEADER
fixed length control field 00240nam a2200109Ia 4500
082 ## - DEWEY DECIMAL CLASSIFICATION NUMBER
Classification number 82-3
Item number HUX
100 ## - MAIN ENTRY--AUTHOR NAME
Personal name Aldous
245 #0 - TITLE STATEMENT
Title Crome yellow
260 ## - PUBLICATION, DISTRIBUTION, ETC. (IMPRINT)
Place of publication Herts
Name of publisher Triad
Year of publication 1977
942 ## - ADDED ENTRY ELEMENTS (KOHA)
Koha item type Books
Holdings
Withdrawn status Lost status Damaged status Not for loan Home library Current library Date acquired Cost, normal purchase price Full call number Accession Number Koha item type
        RRII Library RRII Library 16/12/2021 10.55 82-3 HUX 09949 Books